000 00956cab a2200217 4500
001 WB3425-47
008 090401t1998 xxu||||| |||| 00| 0 eng d
035 _a(Sirsi) u87161
041 _aeng
245 _aRent review
260 _c1998
350 _a0
490 _aEstates Gazette Case Summaries
_v[1998] EGCS 95, (27/6/98)
520 _a"Wakefield (Tower Hill Trinity Square) Trust v Janson Green Properties Ltd" ChD 11 June 1998. Lessor electing not to pursue 1991 upwards-only review. Review in 1996 requiring comparison with market rent for previous period. Whether arbitrator required to make comparisons. Whether lessor entitled to fresh determination of earlier market rent. Held: lessor`s leave to appeal refused, but the declaration was granted.
650 _aARBITRATORS
650 _aMARKET RENT
650 _aUPWARD ONLY RENT REVIEWS
690 _aLANDLORD AND TENANT-CASE LAW-RENT REVIEWS
942 _n0
948 _c02/07/1998
999 _c54945
_d54945